Handbook of radioactive contamination and decontamination /

The objective of this book is to present a comprehensive picture, first of the fundamentals of general contamination of solid surfaces and water, and in the second part, to review the main practical procedures and means of applied decontamination used in the fields of activity. The most emphasis on...

Full description

Bibliographic Details
Main Author: Severa, Jan, 1930-
Corporate Author: ScienceDirect (Online service)
Other Authors: Bár, Jaromír, 1927-
Format: eBook
Language:English
Published: Amsterdam ; New York : Elsevier, 1991.
Series:Studies in environmental science ; 47.
Subjects:
Online Access:Connect to the full text of this electronic book

MARC

Tag First Indicator Second Indicator Subfields
LEADER 00000cam a2200000 a 4500
001 in00005737021
005 20260326161328.7
006 m o d
007 cr cn|||||||||
008 090320s1991 ne a ob 001 0 eng d
010 |z  91026717  
040 |a OPELS  |b eng  |e pn  |c OPELS  |d OCLCQ  |d OCLCE  |d E7B  |d N$T  |d IDEBK  |d OCLCQ  |d OPELS  |d OCLCQ  |d MERUC  |d OCLCQ  |d OCLCF  |d YDXCP  |d OCLCQ  |d DEBSZ  |d OCLCQ  |d LEAUB  |d ADU  |d LUN  |d S2H  |d OCLCO  |d OCLCQ  |d OCLCO  |d OCLCQ  |d OCLCO  |d OCLCL  |d OCLCA  |d OCLCQ  |d COA 
019 |a 297329653  |a 305546321  |a 645837764  |a 823838463  |a 823906742  |a 824096239  |a 824148890  |a 1086539479  |a 1160032024  |a 1340118328  |a 1490425207 
020 |a 9780444987570 
020 |a 0444987576 
020 |a 9780080875064  |q (electronic bk.) 
020 |a 0080875068  |q (electronic bk.) 
020 |a 1281777277 
020 |a 9781281777270 
020 |z 044441696X  |q (series) 
020 |z 9780444416964  |q (series) 
024 8 |a (WaSeSS)ssj0000168232 
035 |a (OCoLC)316566811  |z (OCoLC)297329653  |z (OCoLC)305546321  |z (OCoLC)645837764  |z (OCoLC)823838463  |z (OCoLC)823906742  |z (OCoLC)824096239  |z (OCoLC)824148890  |z (OCoLC)1086539479  |z (OCoLC)1160032024  |z (OCoLC)1340118328  |z (OCoLC)1490425207 
037 |a 121990:125465  |b Elsevier Science & Technology  |n http://www.sciencedirect.com 
042 |a dlr 
050 4 |a TD196.R3  |b S48 1991eb 
070 |a QH540.S8  |b no.47 
072 0 |a W000 
072 0 |a X600 
072 7 |a TEC  |x 028000  |2 bisacsh 
072 7 |a PHN  |2 bicssc 
082 0 4 |a 621.48/028/9  |2 22 
084 |a 58.50  |2 bcl 
084 |a 43.68  |2 bcl 
084 |a AR 25700  |2 rvk 
084 |a NUC 891f  |2 stub 
049 |a TXAM 
100 1 |a Severa, Jan,  |d 1930- 
245 1 0 |a Handbook of radioactive contamination and decontamination /  |c Jan Severa, Jaromír Bár. 
260 |a Amsterdam ;  |a New York :  |b Elsevier,  |c 1991. 
300 |a 1 online resource (xxiv, 363 pages) :  |b illustrations 
336 |a text  |b txt  |2 rdacontent 
337 |a computer  |b c  |2 rdamedia 
338 |a online resource  |b cr  |2 rdacarrier 
347 |a text file  |2 rdaft  |0 http://rdaregistry.info/termList/fileType/1002. 
490 1 |a Studies in environmental science ;  |v 47 
520 |a The objective of this book is to present a comprehensive picture, first of the fundamentals of general contamination of solid surfaces and water, and in the second part, to review the main practical procedures and means of applied decontamination used in the fields of activity. The most emphasis on radioactive contamination deals with decontamination of the operational facilities in nuclear power plants. Other special decontamination branches of current interest are also dealt with briefly. The art of decontamination is being enriched by the progress achieved in relevant scientific disciplines and employs these relative advances. The current volume discusses in detail the following trends in decontamination: Firstly, the development and use of new decontamination methods that are highly efficient, non-aggressive to decontaminated materials, and economically feasible; secondly, the utilization of progressive elements of automation and robotics; thirdly, the development and use of such decontamination formulations that would minimize the volume of wastes and would produce wastes in a form in which they could be either easily further treated or safely disposed of without risk to human health or the environment; finally, the choice of suitable materials used both for the structural and the technological parts of nuclear installations with regard to their minimal contaminability and ease of decontamination. 
504 |a Includes bibliographical references and index. 
588 0 |a Print version record. 
505 0 |a Front Cover; Handbook of Radioactive Contamination and Decontamination; Copyright Page; Contents; List of abbreviations, symbols and quantities; Preface and Introduction; Chapter 1. Fundamentals of radioactive contamination and general principles of decontamination; Chapter 2. Special part: a detailed consideration of decontamination techniques; Chapter 3. Organization of decontamination activities; Chapter 4. Treatment of radioactive wastes resulting from decontamination; Chapter 5. Economic analysis of decontamination; Subject Index. 
538 |a Master and use copy. Digital master created according to Benchmark for Faithful Digital Reproductions of Monographs and Serials, Version 1. Digital Library Federation, December 2002.  |u http://purl.oclc.org/DLF/benchrepro0212  |5 MiAaHDL 
583 1 |a digitized  |c 2010  |h HathiTrust Digital Library  |l committed to preserve  |2 pda  |5 MiAaHDL 
650 0 |a Radioactive pollution. 
650 0 |a Radioactive decontamination. 
650 6 |a Pollution radioactive. 
650 6 |a Décontamination radioactive. 
650 7 |a TECHNOLOGY & ENGINEERING  |x Power Resources  |x Nuclear.  |2 bisacsh 
650 7 |a Radioactive decontamination  |2 fast 
650 7 |a Radioactive pollution  |2 fast 
650 7 |a Radioaktive Kontamination  |2 gnd 
650 7 |a Strahlenschutz  |2 gnd 
650 7 |a Dekontamination  |2 gnd 
653 0 |a Radioactive waste materials  |a Disposal 
655 7 |a Electronic books.  |2 local 
700 1 |a Bár, Jaromír,  |d 1927- 
710 2 |a ScienceDirect (Online service) 
758 |i has work:  |a Handbook of radioactive contamination and decontamination (Text)  |1 https://id.oclc.org/worldcat/entity/E39PCGTyByKybVVtTWJXCbDdHC  |4 https://id.oclc.org/worldcat/ontology/hasWork 
776 0 8 |i Print version:  |a Severa, Jan, 1930-  |t Handbook of radioactive contamination and decontamination.  |d Amsterdam ; New York : Elsevier, 1991  |z 0444987576  |z 9780444987570  |w (DLC) 91026717  |w (OCoLC)24175167 
776 1 |c Original  |w (DLC) 91026717   |w (OCoLC)24175167 
830 0 |a Studies in environmental science ;  |v 47. 
856 4 0 |u http://proxy.library.tamu.edu/login?url=https://www.sciencedirect.com/science/bookseries/01661116/47  |z Connect to the full text of this electronic book  |t 0 
955 |a Elsevier ScienceDirect 2026-2027 
994 |a 92  |b TXA 
999 f f |i 5dca30db-e246-48bc-8922-533ec93cddd6  |s 2c5260c8-cbce-4a03-ad7c-848e5be4dda5  |t 0 
952 f f |a Texas A&M University  |b College Station  |c Electronic Resources  |s www_evans  |d Available Online  |t 0  |e TD196.R3 S48 1991eb  |h Library of Congress classification 
998 f f |a TD196.R3 S48 1991eb  |t 0  |l Available Online